Statistics for Click to Translate - Hungarian

Click here to take the quiz!

General Stats

  • This quiz has been taken 37 times
  • The average score is 13 of 21

Answer Stats

HintAnswer% Correct
EnglishAngol
95%
DogKutya
81%
RiverFolyó
76%
RunFut
76%
ColdHideg
76%
SunlightNapfény
76%
WorldVilág
76%
BraveBátor
71%
FishHal
71%
HourglassHomokóra
71%
WinterTél
71%
SilenceCsend
67%
SteelAcél
62%
WindSzellő
62%
SeaTenger
62%
FalseHamis
57%
RebellionLázadás
57%
StormVihar
43%
PendulumInga
33%
SpiritLélek
33%
AxeBalta
29%

Score Distribution

Percentile by Number Answered

Percent of People with Each Score

Your Score History

You have not taken this quiz